| 000 | 00000nam 2200000zi 4500 |
| 001 | 9.927946 |
| 003 | CaOODSP |
| 005 | 20250722154534 |
| 006 | m o d f |
| 007 | cr mn||||||||| |
| 008 | 230929t20232023onca ob f000 0 fre d |
| 020 | |a9780660681290 |
| 040 | |aCaOODSP|bfre|erda|cCaOODSP |
| 043 | |an-cn--- |
| 086 | 1 |aT94-53/4-2024F-PDF |
| 245 | 04|aLes lignes directrices sur les GES modules : |brénovations écologiques v1.0 / |cInfrastructure Canada. |
| 264 | 1|aOttawa (Ontario) : |bInfrastructure Canada, |c[2023] |
| 264 | 4|c©2023 |
| 300 | |a1 ressource en ligne (27 pages) : |billustration en couleur |
| 336 | |atexte|btxt|2rdacontent/fre |
| 337 | |ainformatique|bc|2rdamedia/fre |
| 338 | |aressource en ligne|bcr|2rdacarrier/fre |
| 500 | |aPublié aussi en anglais sous le titre : The GHG guidance modules: green retrofits v1.0. |
| 504 | |aComprend des références bibliographiques. |
| 520 | |a« Ce module de lignes directrices sur les GES fournit des renseignements pour aider à quantifier les réductions d'émissions de gaz à effet de serre (GES) découlant de rénovations ou de remises en état d'un immeuble ou d'une installation. Les réductions des émissions reposent sur la différence entre le fonctionnement actuel de l'immeuble ou de l'installation (la référence) et le fonctionnement du même immeuble ou de la même installation dans lequel des mesures d'économie d'énergie, d'énergie propre ou d'atténuation des GES (le projet) ont été mises en Ĺ“uvre. Les modules de lignes directrices sur les GES offrent une approche simplifiée et sectorielle de la quantification des GES pour divers projets au Canada. Ils sont destinés à être utilisés par des professionnels qualifiés ayant une expertise liée au projet et de préférence une certaine expérience en matière de comptabilisation des émissions de GES. Chaque module de lignes directrices sur les GES est fondé sur des normes internationales et définit un ensemble prédéterminé d'éléments techniques (c.-à-d. les bases de référence, les activités et les variables) et d'autres considérations, nécessaires pour quantifier les avantages en matière de GES d'un type de projet ou d'un secteur particulier. … » -- Introduction, page 5. |
| 650 | 6|aConstructions|xAmélioration|zCanada. |
| 650 | 6|aConstructions durables|zCanada. |
| 650 | 6|aConstructions|xÉconomies d'énergie|zCanada. |
| 650 | 6|aGaz à effet de serre|xRéduction|zCanada. |
| 710 | 1 |aCanada. |bInfrastructure Canada, |eorganisme de publication. |
| 775 | 08|tThe GHG guidance modules : |w(CaOODSP)9.927945 |
| 856 | 40|qPDF|s1.41 Mo|uhttps://publications.gc.ca/collections/collection_2024/infc/T94-53-4-2024-fra.pdf |
| 856 | 4 |qHTML|sS.O.|uhttps://logement-infrastructure.canada.ca/pub/cl-oc/green-retrofits-ghg-module-ges-renovations-ecologiques-fra.html |